000 00662nam a2200193Ia 4500
008 090123s9999 xx 000 0 und d
082 _b39943
100 _aडॉ सुनिती
245 _aयज्ञाचे वैदिक स्वरुप
250 _a1
260 _bज्ञानगंगा प्रकाशन
_c1998
300 _a41
600 _aडॉ सुनिती
630 _aयज्ञाचे वैदिक स्वरुप
700 _aडॉ सुनिती
700 _aशुक्ल अभयकुमार
730 _aयज्ञाचे वैदिक स्वरुप
942 _cBOOK
999 _c78019
_d78019